1933 yılında İstanbul Üniversitesi'nde başlayan ilk inkılap tarihi ders notları/ (Record no. 2565)
| 000 -BAŞLIK | |
|---|---|
| Sabit Uzunluktaki Kontrol Alanı | 00944nam a22002897a 4500 |
| 001 - KONTROL NUMARASI | |
| Control Dosyası | 0002578 |
| 003 - KONTROL NUMARASI KİMLİĞİ | |
| Kontrol Alanı | KOHA_MİRAKIL |
| 005 - EN SON İŞLEM TARİHİ ve ZAMANI | |
| Kontrol Alanı | 20260207001315.0 |
| 007 - FİZİKSEL TANIM SABİT ALAN - GENEL BİLGİ | |
| Sabit uzunluklu kontrol alanı | ta |
| 008 - SABİT UZUNLUKTAKİ VERİ ÖGELERİ - GENEL BİLGİ | |
| Sabit Alan | 110421b1997 tu |||gr||||#0|||0|tur | |
| 020 ## - ISBN - ULUSLARARASI STANDART KİTAP NUMARASI | |
| Isbn | 9754981167 |
| 040 ## - KATALOGLAMA KAYNAĞI | |
| Özgün Kataloglama Kurumu | TR-BiSEU |
| Kataloglama Dili | tur |
| Çeviri Kurumu | TR-BiSEU |
| Açıklama Kuralları | rda |
| 041 0# - DİL KODU | |
| Metin ya da ses kaydının dil kodu | tur |
| 044 ## - YAYINLAYAN/ÜRETEN KURULUŞUN ÜLKE KODU | |
| ISO country code | tu |
| 050 ## - SINIFLAMA ve YER NUMARASI | |
| Sınıflama Numarası | DR590 |
| Yer Numarası | .B69 1997 |
| 100 1# - KİŞİ ADI | |
| Yazar Adı (Kişi adı) | Bozkurt, Mahmut Esat. |
| 245 1# - ESER ADI BİLDİRİMİ | |
| Başlık | 1933 yılında İstanbul Üniversitesi'nde başlayan ilk inkılap tarihi ders notları/ |
| Sorumluluk Bildirimi | Mahmut Esat Bozkurt ; Mahmut Esat Bozkurt, Recep Peker, Yusuf Kemal Tengirşenk. |
| 264 #1 - ÜRERİM, YAYIN, DAĞITIM ve TELİF BİLDİRİMİ | |
| Yayın yeri | İstanbul : |
| Yayınlayan | Türk Dünyası Araştırmaları Vakfı |
| Yayın tarihi | 1997 |
| 300 ## - FİZİKSEL TANIMLAMA | |
| Sayfa, Cilt vb. | 332 sayfa |
| 336 ## - İÇERİK TÜRÜ | |
| Content type term | metin |
| Content type code | txt |
| Source | rdacontent |
| 337 ## - MEDYA TÜRÜ | |
| Media type term | aracısız |
| Media type code | n |
| Source | rdamedia |
| 338 ## - TAŞIYICI TÜRÜ | |
| Carrier type term | cilt |
| Carrier type code | nc |
| Source | rdacarrier |
| 650 #0 - KONU BAŞLIĞI EK GİRİŞ - KONU TERİMİ | |
| Konusal terim veya coğrafi ad | İnkılap Tarihi Türkiye 1918-. |
| 9 (RLIN) | 7101 |
| 650 #0 - KONU BAŞLIĞI EK GİRİŞ - KONU TERİMİ | |
| Konusal terim veya coğrafi ad | Turkey History Revolotion 1918-. |
| 9 (RLIN) | 7102 |
| 907 ## - LOCAL DATA ELEMENT G, LDG (RLIN) | |
| a | Tarih |
| 942 ## - EK GİRİŞ ÖGELERİ (KOHA) | |
| Source of classification or shelving scheme | Library of Congress Classification |
| Koha item type | Book |
| Materyal Türü | Kalıcı Konum | Mevcut Konum | Raf Yeri | Sınıflandırma Kaynağı | Edinim Bilgisi | Ana Konular | Alt Konular | Yer Numarası | Demirbaş Numarası | Fatura Tarihi | Maliyet, Alış Fiyatı | Maliyet, Yenileme Fiyatı | Geri Çekilme Durumu | Kayıp Durumu | Hasarlı Durumu | Kredi için değil | Kayıt Tarih | Toplam Ödünçverme | Son Görülme Tarihi | Son Kontrol Tarihi | Genel / Bağış Notu |
|---|---|---|---|---|---|---|---|---|---|---|---|---|---|---|---|---|---|---|---|---|---|
| Book | BŞEÜ Pazaryeri MYO Kütüphanesi | BŞEÜ Pazaryeri MYO Kütüphanesi | Library of Congress Classification | Bağış | DÜNYA TARİHİ (AVRUPA, ASYA, AFRİKA VB.) | Balkan Yarımadası | DR590 .B69 1997 | 0022215 | 02/02/2026 | 25/08/2010 | 05/12/2024 | 05/12/2024 | Genel Bağış | ||||||||
| Book | BŞEÜ Pazaryeri MYO Kütüphanesi | BŞEÜ Pazaryeri MYO Kütüphanesi | Library of Congress Classification | Bağış | DÜNYA TARİHİ (AVRUPA, ASYA, AFRİKA VB.) | Balkan Yarımadası | DR590 .B69 1997 | 0022216 | 02/02/2026 | 25/08/2010 | 05/12/2024 | 05/12/2024 | Genel Bağış | ||||||||
| Book | Prof. Dr. Azmi Özcan Kütüphanesi | Prof. Dr. Azmi Özcan Kütüphanesi | Uluğbey Salonu | Library of Congress Classification | Bağış | DÜNYA TARİHİ (AVRUPA, ASYA, AFRİKA VB.) | Balkan Yarımadası | DR590 .B69 1997 | 0002578 | 13/08/2010 | 4.00 | 4.00 | 03/03/2009 | 2 | 05/12/2024 | 05/12/2024 | İİBF | ||||
| Book | Prof. Dr. Azmi Özcan Kütüphanesi | Prof. Dr. Azmi Özcan Kütüphanesi | Uluğbey Salonu | Library of Congress Classification | Bağış | DÜNYA TARİHİ (AVRUPA, ASYA, AFRİKA VB.) | Balkan Yarımadası | DR590 .B716 1997 | 0002579 | 13/08/2010 | 4.00 | 4.00 | Düşüldü | Kayıp | 03/03/2009 | 1 | 31/10/2025 | 31/10/2025 | İİBF | ||
| Book | Prof. Dr. Azmi Özcan Kütüphanesi | Prof. Dr. Azmi Özcan Kütüphanesi | Uluğbey Salonu | Library of Congress Classification | Bağış | DÜNYA TARİHİ (AVRUPA, ASYA, AFRİKA VB.) | Balkan Yarımadası | DR590 .B69 1997 | 0002580 | 13/08/2010 | 4.00 | 4.00 | 03/03/2009 | 2 | 05/12/2024 | 05/12/2024 | İİBF | ||||
| Book | Prof. Dr. Azmi Özcan Kütüphanesi | Prof. Dr. Azmi Özcan Kütüphanesi | Uluğbey Salonu | Library of Congress Classification | Bağış | DÜNYA TARİHİ (AVRUPA, ASYA, AFRİKA VB.) | Balkan Yarımadası | DR590 .B69 1997 | 0002581 | 13/08/2010 | 4.00 | 4.00 | 03/03/2009 | 3 | 05/12/2024 | 05/12/2024 | İİBF | ||||
| Book | Prof. Dr. Azmi Özcan Kütüphanesi | Prof. Dr. Azmi Özcan Kütüphanesi | Uluğbey Salonu | Library of Congress Classification | Bağış | DÜNYA TARİHİ (AVRUPA, ASYA, AFRİKA VB.) | Balkan Yarımadası | DR590 .B69 1997 | 0012900 | 02/02/2026 | 09/02/2010 | 05/12/2024 | 05/12/2024 | Genel Bağış | |||||||
| Book | Prof. Dr. Azmi Özcan Kütüphanesi | Prof. Dr. Azmi Özcan Kütüphanesi | Uluğbey Salonu | Library of Congress Classification | Bağış | DÜNYA TARİHİ (AVRUPA, ASYA, AFRİKA VB.) | Balkan Yarımadası | DR590 .B69 1997 | 0029666 | 02/02/2026 | 21/04/2011 | 6 | 05/12/2024 | 05/12/2024 | İİBF |
